zpět

Detail výsledku týmu

U Buriana, Třinec

Datum a čas kvízu

28.5 Celkem bodů Celkový počet nahraných bodů na tomto kvízu bez doplňovacích otázek.
7. Pořadí na kvízu Konečné umístění týmu na tomto kvízu.

Zaznamenané odpovědi

# Otázka Odpověď Body Výsledky
1. Minulý týden vyšla zpráva o to... hranolka / hranolek 0
2. Britská královská pošta předst... A) květiny 0
3. Jeden ze dvou původních aktivn... Brian May 1
4. Americký Národní úřad pro lete... nové skafandry 0
5. Které dva týmy se minulý týden... Manchester City, RB Lipsko 1
-15. V následujícím tématu se budem... kilogram (kg) 1
-13. V 19. a 20. století byl předev... svítiplyn 1
-12. Mezi obnovitelné zdroje patří... v Ústí nad Labem 0
-11. Součástí naprosté většiny elek... alternátor 1
-10. Téma zakončíme otázkou na jade... 1 1